000 01674nam a22003977a 4500
001 11933112
003 OSt
005 20210423062316.0
008 000306s2001 iluab b 001 0 eng
010 _a 00027781
020 _a0072347988 (softcover : alk. paper)
040 _aDLC
_cDLC
_dDLC
041 _aeng
042 _apcc
050 0 0 _aHD62.4
_b.T67 2001
080 _a005
_bT-76
082 0 0 _a658/.049
_221
100 1 _aTorre, José de la,
_d1950-
245 1 0 _aManaging the global corporation :
_bcase studies in strategy and management /
_cJosé de la Torre, Yves Doz, Timothy Devinney.
250 _a2nd ed.
260 _aBoston :
_bIrwin/McGraw-Hill,
_cc2001.
300 _axix, 587 p. :
_bill., maps ;
_c26 cm.
440 0 _aMcGraw-Hill advanced topics in global management
500 _aRev. ed. of: Managing the global corporation / William Harley Davidson, José de la Torre. 1989.
504 _aIncludes bibliographical references and index.
650 0 _aInternational business enterprises
_xManagement.
653 _aმენეჯმენტი
700 1 _aDoz, Yves L.
700 1 _aDevinney, Timothy M.
_q(Timothy Michael),
_d1956-
700 1 _aDavidson, William H.
_q(William Harley),
_d1951-
_tManaging the global corporation.
856 4 2 _3Publisher description
_uhttp://www.loc.gov/catdir/description/mh021/00027781.html
856 4 1 _3Table of contents
_uhttp://www.loc.gov/catdir/toc/mh021/00027781.html
906 _a7
_bcbc
_corignew
_d1
_eocip
_f20
_gy-gencatlg
942 _2udc
_cBK
999 _c1574
_d1574